| 000 | 00458nam a2200181Ia 4500 | ||
|---|---|---|---|
| 001 | 18705 | ||
| 005 | 20260306171650.0 | ||
| 008 | 260306s9999||||xx |||||||||||||| ||und|| | ||
| 041 | _aESP | ||
| 082 |
_a658.5 _bC13 2014 |
||
| 100 |
_aCabeza, Domingo _eAUT |
||
| 245 | 0 | _aLogística inversa en la gestión de la cadena de suministro | |
| 260 | _c2013 | ||
| 300 |
_a122 páginas : _c23 cm. |
||
| 650 | _aGEN | ||
| 654 | _aCAN | ||
| 942 |
_cLIB _dJUS _fJUS _2ddc _n |
||
| 999 |
_c18705 _d18705 |
||